Ancient Egypt Decoder - Statistics

General Stats
  • This quiz has been taken 24 times
  • The average score is 6 of 17
Answer Stats
Hint Answer % Correct
T Boy pharaoh whose tomb was discovered in 1922 Tutankhamun
88%
O Lord of the Underworld in Egyptian mythology Osiris
76%
F Horus' head is shaped like this bird Falcon
53%
O Tall column with four sides and a pyramid-shaped top Obelisk
53%
A Ancient Egyptian symbol for the word "life" Ankh
47%
T Capital city during the Middle and New Kingdom Thebes
47%
B Goddess with the head of a cat Bast
41%
E Practice which also comprises mummification Embalming
41%
H "Sacred" writing system of ancient Egypt Hieroglyphs
41%
H God of the flooding of the Nile Hapi
29%
D Evolution of the Egyptian language and script Demotic
24%
E Group of nine deities worshipped in Heliopolis Ennead
18%
O Tail-eating snake symbolizing renewal in Egyptian magic Ouroboros
18%
The Book of the Dead
18%
K Ancient name of the land of Egypt Kemet
12%
D Well-preserved temple complex in Upper Egypt Dendera
6%
E Precious alloy used in pyramid tops Electrum
6%
No matching quizzes found
Score Distribution
Percent of People with Each Score
Percentile by Number Answered
Your Score History
You have not taken this quiz